00354 2200121 4500001002100000005001500021035002400036090002100060245007700081260002700158300003200185990001500217YOGYA00000000008576020140823104229 0010-081400000085477 aDEP 004.64 Isw B aBelajar Sendiri: Mikrokontroler AT90S2313 dengan Basic CompilercIswanto aYogyakartabAndic2009 axx, 204 hlm.bilus.c23 cm. a2009 - 504